| 000 | 01382nam a2200241Ia 4500 | ||
|---|---|---|---|
| 999 |
_c56226 _d56226 |
||
| 001 | 23327 | ||
| 003 | GE_BSU | ||
| 005 | 20221130112103.0 | ||
| 008 | 181216s1968ge xx |||||||||||||| ||geo|| | ||
| 040 | _cGE_BSU | ||
| 041 | _ageo | ||
| 080 | _a930(479.22)(092 ჯავახიშვილი ივ.) გ-46 | ||
| 100 |
_aგვრიტიშვილი, დავით _916228 |
||
| 245 |
_aივანე ჯავახიშვილი _b [ცხოვრება და მოღვაწეობა] / _cდავით გვრიტიშვილი, რედ. ნ. ლომოური |
||
| 264 |
_aთბილისი : _bნაკადული, _c1968. |
||
| 300 |
_a242 გვ. : _b1 ფ. პორტრ. ; _c20 სმ. |
||
| 501 | _aსაძიებლები, გვ.: 236-242. აკად. ივ. ჯავახიშვილის დაბეჭდილი შრომების სია: გვ. 211-235. | ||
| 653 | _aივანე ჯავახიშვილი | ||
| 653 | _aცხოვრება და მოღვაწეობა | ||
| 653 | _aჯავახიშვილი ივანე; ქართული ისტორიოგრაფია; საქართველოს ისტორია | ||
| 700 |
_aლომოური.ნ _eრედაქტორი _916229 |
||
| 942 |
_cBK _2udc |
||